000 00598nam a2200229Ia 4500
005 20210831113020.0
008 131103s9999 xx 000 0 und d
020 _a33359326
040 _aLoreto College
041 _aEnglish
082 _a320
_bBAL
100 _aBall, Alan R
245 _aModen polities and government
_cAlan R. Ball
250 _a5th edition
260 _aHoundmillan Press
_bMacmillan Press
_c1993
300 _axv,276p
504 _a1st edition pub in 1971
650 _aPolitics , Political System
651 _aPolitical Science
850 _aLCLIB
942 _cBK
999 _c92
_d50571